Atletico Madrid Top Scorers in Every Champions League Season - Statistics

General Stats
  • This quiz has been taken 38 times
  • The average score is 14 of 20
Answer Stats
Competitions Goals Answer % Correct
Champions League 2015-16 7 Antoine Griezmann
100%
Champions League 2016-17 6 Antoine Griezmann
100%
Champions League 2017-18 2 Antoine Griezmann
100%
Champions League 2018-19 4 Antoine Griezmann
100%
Champions League 2021-22 4 Antoine Griezmann
100%
Champions League 2023-24 3 Antoine Griezmann
100%
Champions League 2022-23 1 Mario Hermoso / Rodrigo De Paul / Yannick Carrasco / Antoine Griezmann
100%
Champions League 2019-20 3 João Félix / Alvaro Morata
91%
Champions League 2024-25 7 Julián Alvarez
91%
Champions League 2013-14 8 Diego Costa
83%
Champions League 2008-09 4 Maxi Rodríguez / Sergio Agüero
74%
Champions League 2009-10 4 Sergio Agüero
74%
Champions League 2020-21 3 João Félix
71%
Champions League 2014-15 5 Mario Mandžukić
43%
European Cup 1973-74 2 Aragonés / Gárate
37%
European Cup 1966-67 4 Luis Aragonés
37%
European Cup 1970-71 6 Luis Aragonés
37%
Champions League 1996-97 5 Milinko Pantić
29%
European Cup 1958-59 8 Vavá
14%
European Cup 1977-78 3 Marcial Pina
9%
No matching quizzes found
Score Distribution
Percent of People with Each Score
Percentile by Number Answered
Your Score History
You have not taken this quiz